00979nam a22002537a 45000050016000000100014000160200026000300350013000560370013000690820016000821000024000982450112001222500011002342600042002452700102002873000028003895000019004176500035004366500043004717000023005149420030005379990017005679520141005842010081106416.0 aENG-99674 a9788175347922c350.00 aEN-83206 bDBAD/PUB a344.5401252 aKumar, H. L.910958 aPractical guide to employees's provident funds :bact, rules & schemes /cby H. L. Kumar [and] Gaurav Kumar a8th ed aDelhibUniversal Law Publishingc2009 aC-FF-1A, Dilkhush Industrial Estate, (Near Azadpur Metro Station) G.T. Karnal RoadbDelhie110033 axliii,442p.c24cm (pbk) aIncludes index aLabor law & legislation910959 aOldge pension-law & legislation910960 aGaurav Kumar91517 2ddccENh344.5401252mKUM c40981d40981 001040718NFICaDBADbDBADd2010-08-11eDBAD/PUBg350.00l0o344.5401252 KUMpEN-83206r2010-08-11 00:00:00t1v350.00w2010-08-11yEN